Giáo dục công dân 8 Sách giáo viên

Đã lưu trong:
书目详细资料
主要作者: Hà, Nhật Thăng
格式: 图书
语言:Undetermined
出版: H. Giáo dục 2006
主题:
在线阅读:http://lrc.tdmu.edu.vn/opac/search/detail.asp?aID=2&ID=4948
标签: 添加标签
没有标签, 成为第一个标记此记录!
Thư viện lưu trữ: Trung tâm Học liệu Trường Đại học Thủ Dầu Một
LEADER 00648nam a2200205Ia 4500
001 TDMU_4948
008 210410s9999 xx 000 0 und d
082 |a 370.11072 
090 |b H100 
100 |a Hà, Nhật Thăng 
245 0 |a Giáo dục công dân 8 
245 0 |b Sách giáo viên 
245 0 |c Hà Nhật Thăng 
260 |a H. 
260 |b Giáo dục 
260 |c 2006 
300 |a 127tr. 
650 |a Đạo đức  |x Dạy và học; Sách lớp 8  |v Giáo viên 
856 |u http://lrc.tdmu.edu.vn/opac/search/detail.asp?aID=2&ID=4948 
980 |a Trung tâm Học liệu Trường Đại học Thủ Dầu Một